000 00297nam a22001337a 4500
008 181218b xxu||||| |||| 00| 0 eng d
020 _a9780138342685
041 _aeng
080 _a371
100 _a46
101 _aEDU
245 _aLearning the Art of Helping
_cYoung, M.E
942 _2udc
_cBK
999 _c53409
_d53409